Вып. 9; Прогрессивная технология обработки металлов

Podrobná bibliografie
Parent link:Прогрессивная технология обработки металлов: [сборник научных трудов]/ Харьковский политехнический институт (ХПИ). Вып. 9.— , 1969-1988
Jazyk:ruština
Vydáno: 1988
Témata:
Médium: MixedMaterials Kniha
KOHA link:https://koha.lib.tpu.ru/cgi-bin/koha/opac-detail.pl?biblionumber=303792

MARC

LEADER 00000nam2a2200000 4500
001 303792
005 20231102001634.0
035 |a (RuTPU)RU\TPU\book\329020 
035 |a RU\TPU\book\269070 
090 |a 303792 
100 |a 20150904d1988 k y0rusy50 ca 
101 0 |a rus 
102 |a UA 
105 |a y z 001zy 
200 0 |a Вып. 9 
210 |d 1988 
215 |a 87 с. 
320 |a Библиогр. в конце ст. 
461 1 |0 (RuTPU)RU\TPU\book\269070  |t Прогрессивная технология обработки металлов  |o [сборник научных трудов]  |f Харьковский политехнический институт (ХПИ)  |v Вып. 9  |d 1969-1988  |s Вестник Харьковского политехнического института ; № 261 
606 1 |a Технология металлов  |2 stltpush  |3 (RuTPU)RU\TPU\subj\60152  |9 77641 
610 1 |a металлы 
610 1 |a обработка 
610 1 |a жаростойкие покрытия 
610 1 |a металлообработка 
675 |a 621.7/.9  |v 4 
801 0 |a UA  |b 63413507  |c 20011210  |g PSBO 
801 2 |a RU  |b 63413507  |c 20180608  |g RCR 
942 |c BK